[Event "Aberto Brasil - II Niterói Chess Open "]
[Site "Salão de Convenções do Hot"]
[Date "2022.09.04"]
[Round "6.35"]
[White "Campos, Alexandre Ferreira"]
[Black "Feller, Gabriela Luisa Vice"]
[Result "1-0"]
[WhiteElo "2042"]
[BlackElo "1869"]
[PlyCount "97"]
[EventDate "2022.09.01"]
[EventRounds "9"]
[EventCountry "BRA"]

1. e4 c6 2. d3 d5 3. Nd2 dxe4 4. dxe4 e5 5. Ngf3 Qc7 6. Nc4 Nd7 7. Bd3 Ngf6 8.
Bg5 Be7 9. a4 b6 10. Bh4 O-O 11. Bg3 Rd8 12. Ncxe5 Nxe5 13. Bxe5 Qb7 14. Qe2
Bg4 15. Ba6 Qd7 16. O-O Qe6 17. Bf4 Rd7 18. Rfe1 Nh5 19. Bg3 Nxg3 20. hxg3 Rad8
21. Bc4 Qh6 22. Bxf7+ Kxf7 23. Ne5+ Kg8 24. Nxg4 Qe6 25. Rad1 Bg5 26. Rd3 Rxd3
27. cxd3 Qb3 28. Rd1 Qxa4 29. Ne5 Bf6 30. Nf3 Bxb2 31. Rd2 Bc3 32. Ra2 Qb5 33.
Rxa7 Qb1+ 34. Kh2 h6 35. d4 b5 36. Ne5 Bxd4 37. Rxg7+ Kxg7 38. Qg4+ Kf6 39.
Qg6+ Ke7 40. Nxc6+ Kd7 41. Nxd4 Qc1 42. Qe6+ Kc7 43. Nxb5+ Kb8 44. Qb6+ Kc8 45.
Na7+ Kd7 46. Qb7+ Qc7 47. Qd5+ Qd6 48. Qf7+ Qe7 49. Qxe7+ 1-0

[Event "Aberto Brasil - II Niterói Chess Open "]
[Site "Salão de Convenções do Hot"]
[Date "2022.09.04"]
[Round "6.36"]
[White "Urquiza, Marcello De Albuque"]
[Black "Bastos, Gabriel Andrade"]
[Result "1-0"]
[WhiteElo "2031"]
[BlackElo "1857"]
[PlyCount "43"]
[EventDate "2022.09.01"]
[EventRounds "9"]
[EventCountry "BRA"]

1. e4 c5 2. Nf3 g6 3. d4 cxd4 4. Nxd4 Bg7 5. Nc3 Nc6 6. Be3 Nf6 7. Be2 O-O 8.
Nb3 d6 9. O-O Be6 10. f4 Na5 11. f5 Bc4 12. Nxa5 Bxe2 13. Qxe2 Qxa5 14. a3 Rfc8
15. Bd4 Qc7 16. Rad1 Qc4 17. Qf3 b5 18. Rf2 a5 19. b3 Qc6 20. Bxf6 Bxf6 21. Nd5
Rf8 22. e5 1-0

[Event "Aberto Brasil - II Niterói Chess Open "]
[Site "Salão de Convenções do Hot"]
[Date "2022.09.04"]
[Round "6.37"]
[White "Macieira, Flavio Helmold"]
[Black "Santos Filho, Tadeu Sousa"]
[Result "1/2-1/2"]
[WhiteElo "1824"]
[BlackElo "2024"]
[PlyCount "80"]
[EventDate "2022.09.01"]
[EventRounds "9"]
[EventCountry "BRA"]

1. c3 d5 2. d4 Nc6 3. Bg5 Qd6 4. Nf3 e5 5. dxe5 Nxe5 6. Nbd2 Nf6 7. Nxe5 Qxe5
8. Nf3 Qd6 9. e3 Be7 10. Bd3 Be6 11. Qc2 h6 12. Bf4 Qb6 13. Nd4 Bd7 14. Nf5
Bxf5 15. Bxf5 O-O 16. g4 Bd6 17. Bg3 Rfe8 18. O-O-O Rad8 19. Bh4 Be7 20. g5 Nh5
21. Rhg1 g6 22. gxh6 Kh7 23. Bxe7 Rxe7 24. Rg5 Kxh6 25. Rdg1 Rg8 26. Qe2 Ree8
27. Qg4 Nf6 28. Qh4+ Kg7 29. Qg3 Kf8 30. Bc2 Rd8 31. Qf3 Qe6 32. Qf4 Qd6 33.
Qh4 Ke7 34. Qg3 Kd7 35. Qf3 Kc8 36. Rd1 Qe7 37. Qf4 Rd6 38. Re5 Re6 39. Rg5 Rh8
40. Qg3 c6 {Ilegivel} 1/2-1/2

[Event "Aberto Brasil - II Niterói Chess Open "]
[Site "Salão de Convenções do Hot"]
[Date "2022.09.04"]
[Round "6.38"]
[White "Gomes, Pedro Pessoa"]
[Black "Santos, Abel Cardoso Dos"]
[Result "1-0"]
[WhiteElo "2004"]
[BlackElo "1826"]
[PlyCount "65"]
[EventDate "2022.09.01"]
[EventRounds "9"]
[EventCountry "BRA"]

1. c4 Nf6 2. g3 g6 3. Nc3 Bg7 4. Bg2 e5 5. e4 d6 6. Nge2 O-O 7. O-O Be6 8. d3
Qd7 9. f4 Bh3 10. f5 Bxg2 11. Kxg2 h6 12. Ng1 c6 13. Nf3 Re8 14. h4 d5 15. Qe2
d4 16. Nd1 gxf5 17. exf5 e4 18. Nh2 Na6 19. g4 exd3 20. Qxd3 Nc5 21. Qf3 Kh7
22. g5 d3 23. gxf6 d2 24. fxg7 dxc1=Q 25. Rxc1 Qd2+ 26. Nf2 Re3 27. Qf4 Nd3 28.
Qc7 Rg8 29. f6 Re2 30. Qg3 Nxc1 31. Rxc1 Re3 32. Qg4 Re5 33. Nf3 1-0

[Event "Aberto Brasil - II Niterói Chess Open "]
[Site "Salão de Convenções do Hot"]
[Date "2022.09.04"]
[Round "6.39"]
[White "Lima, Vinicius Taishun"]
[Black "Cardoso, Marcio De Lucca"]
[Result "1-0"]
[WhiteElo "2002"]
[BlackElo "1802"]
[PlyCount "56"]
[EventDate "2022.09.01"]
[EventRounds "9"]
[EventCountry "BRA"]

1. e4 c5 2. Nf3 e6 3. d4 cxd4 4. Nxd4 Nc6 5. Nc3 Nf6 6. Nxc6 bxc6 7. e5 Nd5 8.
Ne4 Qc7 9. f4 Qb6 10. c4 Ne3 11. Qd3 Bb4+ 12. Bd2 O-O 13. Nc3 Ng4 14. Qf3 f5
15. h3 Nh6 16. a3 Be7 17. Na4 Qc7 18. c5 Nf7 19. Bc4 Nxe5 20. fxe5 Qxe5+ 21.
Qe3 Bh4+ 22. Kd1 Qc7 23. Qf4 Qd8 24. Kc2 Kh8 25. g3 Bf6 26. Bc3 Bg5 27. Qe5 Bf6
28. Qd6 Be7 {IlegÃƒÂ­vel} 1-0

[Event "Aberto Brasil - II Niterói Chess Open "]
[Site "Salão de Convenções do Hot"]
[Date "2022.09.04"]
[Round "6.40"]
[White "Ramos, Angelo Bil"]
[Black "Boabaid, Jorge Alberto Duard"]
[Result "0-1"]
[WhiteElo "2003"]
[BlackElo "1780"]
[PlyCount "88"]
[EventDate "2022.09.01"]
[EventRounds "9"]
[EventCountry "BRA"]

1. d4 Nf6 2. c4 d5 3. Nc3 e6 4. Bg5 Nbd7 5. cxd5 exd5 6. e3 c6 7. Bd3 Be7 8.
Qc2 h6 9. Bh4 Nh5 10. Bxe7 Qxe7 11. Nge2 Nhf6 12. O-O O-O 13. Rae1 Re8 14. Nc1
Ne4 15. Nb3 Ndf6 16. Nd1 a5 17. f3 a4 18. Nd2 Nxd2 19. Qxd2 Qd6 20. Qf2 Rd8 21.
Nc3 Be6 22. Rd1 Kh8 23. Bb1 Qf8 24. Qc2 a3 25. b3 g6 26. Qf2 Qg7 27. Ne2 Rf8
28. Kh1 Rae8 29. Ng3 Bd7 30. Qd2 b5 31. Rde1 h5 32. Qf2 Qh6 33. Rg1 h4 34. Nf1
Kg7 35. Nd2 Rh8 36. e4 Nh5 37. Nf1 Qg5 38. g3 hxg3 39. Nxg3 Nxg3+ 40. Qxg3 Qd2
41. e5 Rh3 42. Qg2 Qxg2+ 43. Kxg2 Reh8 44. Rh1 R8h5 {Ilegivel} 0-1

[Event "Aberto Brasil - II Niterói Chess Open "]
[Site "Salão de Convenções do Hot"]
[Date "2022.09.04"]
[Round "6.41"]
[White "Tamarozi, Isabelle"]
[Black "Vaz, Osvaldo Jose"]
[Result "1-0"]
[WhiteElo "1965"]
[BlackElo "1645"]
[PlyCount "61"]
[EventDate "2022.09.01"]
[EventRounds "9"]
[EventCountry "BRA"]

1. e4 e6 2. d4 d5 3. Nc3 Nf6 4. Bg5 Be7 5. e5 Nfd7 6. Bxe7 Qxe7 7. f4 c5 8. Nb5
Na6 9. Nd6+ Kf8 10. c3 Nc7 11. dxc5 Nxc5 12. Qd4 b6 13. Nf3 h6 14. b4 Nb7 15.
Nxb7 Bxb7 16. a4 Ba6 17. b5 Bb7 18. Bd3 g6 19. O-O Kg7 20. g3 Qc5 21. Nd2 Qxd4+
22. cxd4 Rac8 23. Rfc1 Rhd8 24. a5 Na8 25. Rxc8 Bxc8 26. axb6 Nxb6 27. Rxa7 Bd7
28. Rb7 Na4 29. Nb3 Be8 30. Nc5 Nxc5 31. dxc5 1-0

[Event "Aberto Brasil - II Niterói Chess Open "]
[Site "Salão de Convenções do Hot"]
[Date "2022.09.04"]
[Round "6.42"]
[White "Moyses Sobrinho, Elias"]
[Black "De Albuquerque, Ian Telek C."]
[Result "1/2-1/2"]
[WhiteElo "1801"]
[BlackElo "1958"]
[PlyCount "138"]
[EventDate "2022.09.01"]
[EventRounds "9"]
[EventCountry "BRA"]

1. d4 Nf6 2. c4 g6 3. Nc3 d5 4. cxd5 Nxd5 5. e4 Nxc3 6. bxc3 Bg7 7. Be3 O-O 8.
Bc4 c5 9. Ne2 Nc6 10. O-O Qc7 11. dxc5 Rd8 12. Qb3 Na5 13. Qa4 b5 14. Bxb5 a6
15. Bf4 e5 16. Bg5 axb5 17. Bxd8 Qxd8 18. Qxb5 Ba6 19. Qb2 Rb8 20. Qc2 Bd3 21.
Qd1 Bxe4 22. Qxd8+ Rxd8 23. Rfd1 Bd3 24. f3 f5 25. h3 Bf8 26. g4 Bxc5+ 27. Kg2
Nc4 28. Kh1 e4 29. gxf5 gxf5 30. Nf4 Be3 31. Ne6 Rd6 32. Nd4 Bxd4 33. cxd4 Rxd4
34. fxe4 fxe4 35. a4 Rd5 36. Re1 e3 37. a5 Rd7 38. a6 Ra7 39. Kg2 e2 40. Kf2
Nb2 41. Rxe2 Bxe2 42. Kxe2 Nc4 43. Kd3 Nd6 44. Kd4 Kf7 45. Kc5 Ke7 46. Kc6 Nc8
47. Re1+ Kf6 48. Kb5 Rc7 49. Ra1 Kg5 50. Ra4 h5 51. h4+ Kf5 52. Rd4 Ke5 53. Ra4
Kd5 54. Rf4 Rc5+ 55. Kb4 Nd6 56. Rf8 Rc8 57. Rf6 Rb8+ 58. Ka4 Ra8 59. Rh6 Rxa6+
60. Kb3 Rb6+ 61. Kc2 Nc4 62. Rxh5+ Kd4 63. Rh8 Rb2+ 64. Kd1 Rh2 65. h5 Kd3 66.
Rd8+ Kc3 67. Rh8 Kd3 68. Rd8+ Ke4 69. Rh8 Kd3 1/2-1/2

[Event "Aberto Brasil - II Niterói Chess Open "]
[Site "Salão de Convenções do Hot"]
[Date "2022.09.04"]
[Round "6.43"]
[White "Carneiro, Luis Guilherme Rosa"]
[Black "Castro Silva, Alex"]
[Result "0-1"]
[WhiteElo "1789"]
[BlackElo "1928"]
[PlyCount "96"]
[EventDate "2022.09.01"]
[EventRounds "9"]
[EventCountry "BRA"]

1. e4 e5 2. Nf3 d6 3. d4 Nf6 4. Nc3 Nbd7 5. dxe5 dxe5 6. Bc4 Be7 7. O-O O-O 8.
Re1 c6 9. b3 b5 10. Bf1 Bb4 11. Bb2 Qa5 12. Qd2 Ba3 13. Bxa3 Qxa3 14. Qc1 Qe7
15. Qg5 h6 16. Qc1 Re8 17. Qb2 Nf8 18. h3 Ng6 19. a4 b4 20. Na2 Nf4 21. Nc1 g5
22. Nd3 Nxd3 23. Bxd3 g4 24. hxg4 Bxg4 25. Nh2 Kh7 26. Re3 Rg8 27. Rg3 Rg6 28.
Re1 Rag8 29. Be2 Bxe2 30. Rxg6 Rxg6 31. Rxe2 Nh5 32. f3 Nf4 33. Rd2 Qc5+ 34.
Kf1 Qe3 35. Rf2 Rd6 36. Qb1 Rd2 37. Ng4 Qd4 38. Rxd2 Qxd2 39. Nf2 Qe2+ 40. Kg1
Qe3 41. Qf1 Ne2+ 42. Kh2 Qf4+ 43. g3 Qxg3+ 44. Kh1 Qh4+ 45. Kg2 Nf4+ 46. Kg1
Qg3+ 47. Kh1 Qxf3+ 48. Kh2 a5 0-1

[Event "Aberto Brasil - II Niterói Chess Open "]
[Site "Salão de Convenções do Hot"]
[Date "2022.09.04"]
[Round "6.44"]
[White "Melo, Igor De Souza"]
[Black "Medeiros, Thauane Ferreira"]
[Result "1/2-1/2"]
[WhiteElo "1741"]
[BlackElo "1905"]
[PlyCount "107"]
[EventDate "2022.09.01"]
[EventRounds "9"]
[EventCountry "BRA"]

1. e4 e5 2. Nf3 Nc6 3. d4 exd4 4. Nxd4 Bc5 5. Nb3 Bb6 6. Nc3 Qf6 7. Qe2 Nge7 8.
Be3 O-O 9. O-O-O d6 10. Kb1 Be6 11. f3 Rfd8 12. g4 Ne5 13. Bg2 Bc4 14. Bf2 Nxg4
15. fxg4 Qxf2 16. Qxf2 Bxf2 17. Na5 Ba6 18. e5 dxe5 19. Nxb7 Bxb7 20. Bxb7 Rab8
21. Rxd8+ Rxd8 22. Be4 g6 23. Rd1 Rxd1+ 24. Nxd1 Bg1 25. h3 f5 26. gxf5 gxf5
27. Bd3 Kg7 28. c3 Kf6 29. Kc2 Kg5 30. b4 Kh4 31. Bf1 Nd5 32. a4 Nf4 33. c4
Nxh3 34. Nc3 Nf4 35. Nb5 c6 36. Nd6 Kg5 37. Nf7+ Kf6 38. Nd8 Ne6 39. Nxc6 Nd4+
40. Nxd4 Bxd4 41. Kd3 Bb6 42. c5 Bc7 43. Kc4 Ke6 44. b5 e4 45. Kb4 f4 46. a5
Kd7 47. Bh3+ Kd8 48. b6 Bb8 49. c6 axb6 50. axb6 f3 51. Kc3 e3 52. c7+ Bxc7 53.
bxc7+ Kxc7 54. Bg4 1/2-1/2

[Event "Aberto Brasil - II Niterói Chess Open "]
[Site "Salão de Convenções do Hot"]
[Date "2022.09.04"]
[Round "6.45"]
[White "Nobre, Jailson Altair Barb"]
[Black "Jorge, Denrick Cabral Jose"]
[Result "1-0"]
[WhiteElo "1648"]
[BlackElo "1892"]
[PlyCount "75"]
[EventDate "2022.09.01"]
[EventRounds "9"]
[EventCountry "BRA"]

1. Nf3 c5 2. c4 g6 3. Nc3 Bg7 4. d4 cxd4 5. Nxd4 a6 6. e4 e5 7. Nb3 Ne7 8. Be3
d6 9. Be2 f5 10. Bg5 Nbc6 11. Nd5 fxe4 12. Nf6+ Bxf6 13. Bxf6 O-O 14. Bg5 Be6
15. h4 d5 16. cxd5 Bxd5 17. h5 Qe8 18. hxg6 Qxg6 19. Qd2 Rad8 20. Bh5 Qf5 21.
Qe3 Bc4 22. Qg3 Rd3 23. Be3+ Ng6 24. Nc5 Nb4 25. Rc1 Rfd8 26. Rxc4 Rxe3+ 27.
Qxe3 Rd4 28. Qb3 Nd5 29. Rxd4 exd4 30. Bg4 Qg5 31. Qxd5+ Qxd5 32. Be6+ Qxe6 33.
Nxe6 d3 34. Nc5 Nf4 35. Kd2 h5 36. Nxe4 Kg7 37. Nc5 Kh6 38. g3 1-0

[Event "Aberto Brasil - II Niterói Chess Open "]
[Site "Salão de Convenções do Hot"]
[Date "2022.09.04"]
[Round "6.47"]
[White "Da Cunha, Fabio Barbosa"]
[Black "Nunes, Agatha Hurba"]
[Result "0-1"]
[WhiteElo "2130"]
[BlackElo "1777"]
[PlyCount "76"]
[EventDate "2022.09.01"]
[EventRounds "9"]
[EventCountry "BRA"]

1. e4 e6 2. d3 d5 3. Nd2 c5 4. Ngf3 Nc6 5. g3 Nf6 6. Bg2 Be7 7. O-O O-O 8. e5
Nd7 9. Re1 Qc7 10. Qe2 b5 11. Nf1 a5 12. Bf4 b4 13. h4 Ba6 14. N1h2 c4 15. Ng5
Bxg5 16. hxg5 Nd4 17. Qh5 cxd3 18. Ng4 Qxc2 19. Nf6+ gxf6 20. gxf6 d2 21. Be4
dxe1=Q+ 22. Rxe1 Qxe4 23. Rxe4 Nf5 24. Re1 Kh8 25. Kg2 Bd3 26. g4 Nd4 27. Bh6
Rg8 28. Qxf7 Rxg4+ 29. Kh3 Bf5 30. Kh2 Nf3+ 31. Kh1 Rh4+ 32. Kg2 Nxe1+ 33. Kf1
Rh1+ 34. Ke2 Bd3+ 35. Kd2 Nf3+ 36. Ke3 Re1+ 37. Kf4 Re4+ 38. Kg3 Rg4+ 0-1

[Event "Aberto Brasil - II Niterói Chess Open "]
[Site "Salão de Convenções do Hot"]
[Date "2022.09.04"]
[Round "6.48"]
[White "Marcondes, Igor Dalcol"]
[Black "Das Chagas, David Ferreira"]
[Result "1/2-1/2"]
[WhiteElo "1783"]
[BlackElo "1989"]
[PlyCount "34"]
[EventDate "2022.09.01"]
[EventRounds "9"]
[EventCountry "BRA"]

1. e4 c5 2. Nf3 d6 3. d4 cxd4 4. Nxd4 Nf6 5. Nc3 a6 6. Bd3 e5 7. Nde2 Be7 8.
Ng3 Nc6 9. O-O Be6 10. a3 Rc8 11. Be3 Na5 12. Nh5 Nxh5 13. Qxh5 Qd7 14. Qe2 Nc4
15. Bc1 Qc6 16. Kh1 g5 17. Rd1 Bd8 {(=)} 1/2-1/2

[Event "Aberto Brasil - II Niterói Chess Open "]
[Site "Salão de Convenções do Hot"]
[Date "2022.09.04"]
[Round "6.49"]
[White "Barbosa, Luiz Francisco Da S"]
[Black "Carvalho Jr, Celestino"]
[Result "0-1"]
[WhiteElo "1729"]
[BlackElo "1938"]
[PlyCount "68"]
[EventDate "2022.09.01"]
[EventRounds "9"]
[EventCountry "BRA"]

1. d4 d5 2. Nf3 Nf6 3. e3 Bf5 4. c4 c6 5. Nc3 e6 6. Bd3 Bxd3 7. Qxd3 Nbd7 8.
O-O Be7 9. b3 O-O 10. Bb2 Re8 11. Rfd1 Bb4 12. a3 Bxc3 13. Bxc3 Ne4 14. Be1 f5
15. Ne5 Nxe5 16. dxe5 Qb6 17. b4 Ng5 18. h4 Nf7 19. c5 Qc7 20. f4 Kh8 21. Qe2
Nh6 22. a4 Ng4 23. Rdc1 h6 24. b5 g5 25. Qf3 Re7 26. Ra2 Rh7 27. g3 gxh4 28.
gxh4 Rg8 29. Rg2 Rhg7 30. Rcc2 Rg6 31. h5 R6g7 32. Bh4 Qa5 33. Rce2 cxb5 34.
Bf6 Rd8 0-1

[Event "Aberto Brasil - II Niterói Chess Open "]
[Site "Salão de Convenções do Hot"]
[Date "2022.09.04"]
[Round "6.50"]
[White "Maia, Erick De Figueiredo"]
[Black "Silva, Marcelo Dos Santos"]
[Result "1-0"]
[WhiteElo "1722"]
[BlackElo "1910"]
[PlyCount "115"]
[EventDate "2022.09.01"]
[EventRounds "9"]
[EventCountry "BRA"]

1. e4 c5 2. Nf3 d6 3. g3 Nf6 4. d3 Nc6 5. Bg2 g6 6. O-O Bg7 7. Nbd2 O-O 8. Re1
Rb8 9. a4 b6 10. Nc4 Bb7 11. Nh4 a6 12. f4 b5 13. axb5 axb5 14. Ne3 Ra8 15.
Rxa8 Qxa8 16. f5 Ne5 17. fxg6 hxg6 18. Nf3 Nxf3+ 19. Bxf3 e6 20. Bd2 Nd7 21.
Bc3 Ne5 22. Be2 Bh6 23. Ng4 Nxg4 24. Bxg4 Qd8 25. b3 Qg5 26. Bf3 Ra8 27. Bg2
Ra2 28. Qb1 Ra7 29. Bb2 Qd2 30. Rf1 Qa5 31. Qd1 e5 32. Bc1 Bg7 33. Bd2 Qd8 34.
h4 Bc8 35. h5 Be6 36. hxg6 fxg6 37. Bf3 Qd7 38. Bg5 Ra2 39. Qc1 Qa7 40. Bd1 Bh3
41. Rf2 Ra1 42. Qd2 Bg4 43. Rf1 Be6 44. Be3 Ra2 45. b4 Qa3 46. bxc5 dxc5 47.
Bh6 Qa7 48. Bxg7 Qxg7 49. Qg5 Ra8 50. Rf6 Bf7 51. Qxe5 Re8 52. Qg5 c4 53. e5
cxd3 54. cxd3 Re6 55. Bb3 Rxf6 56. exf6 Qh7 57. Qxb5 Kf8 58. Qb8+ 1-0

[Event "Aberto Brasil - II Niterói Chess Open "]
[Site "Salão de Convenções do Hot"]
[Date "2022.09.04"]
[Round "6.51"]
[White "Dos Santos, Gilvan Nobrega"]
[Black "Lima, Ivan Varga"]
[Result "1-0"]
[WhiteElo "1914"]
[BlackElo "1744"]
[PlyCount "113"]
[EventDate "2022.09.01"]
[EventRounds "9"]
[EventCountry "BRA"]

1. e4 c5 2. Nf3 e6 3. c4 a6 4. Nc3 Qc7 5. g3 d6 6. Bg2 Nf6 7. O-O Be7 8. b3
Nbd7 9. Bb2 Rb8 10. d4 cxd4 11. Nxd4 b6 12. Qe2 O-O 13. f4 Bb7 14. Kh1 h5 15.
Rad1 Rbd8 16. h3 Rfe8 17. g4 hxg4 18. hxg4 g6 19. Nc2 e5 20. Ne3 exf4 21. Rxf4
d5 22. Rdf1 dxe4 23. Qf2 Kg7 24. g5 Rh8+ 25. Kg1 Bd6 26. gxf6+ Kf8 27. Rh4 Rg8
28. Rh3 Ne5 29. Ncd5 Bxd5 30. Nxd5 Nd3 31. Rxd3 Bh2+ 32. Kh1 Rxd5 33. Rh3 Rf5
34. Ba3+ Bd6 35. Bxd6+ Qxd6 36. Qe2 Qxf6 37. Kg1 Qd4+ 38. Qe3 Rxf1+ 39. Bxf1
Qxe3+ 40. Rxe3 f5 41. c5 bxc5 42. Rc3 Kg7 43. Rxc5 Kf6 44. Bxa6 Kg5 45. Bc4 Rh8
46. a4 Kf4 47. a5 Ke3 48. Bf1 f4 49. a6 f3 50. Rg5 Kd2 51. Kf2 Rh2+ 52. Kg3 Rh7
53. Rxg6 Rf7 54. Rd6+ Ke1 55. Bc4 Rg7+ 56. Kf4 f2 57. Re6 1-0

[Event "Aberto Brasil - II Niterói Chess Open "]
[Site "Salão de Convenções do Hot"]
[Date "2022.09.04"]
[Round "6.52"]
[White "Baptista, Andre Kemper"]
[Black "Pereira, Rodrigo Ferreira"]
[Result "1/2-1/2"]
[WhiteElo "1900"]
[BlackElo "1568"]
[PlyCount "113"]
[EventDate "2022.09.01"]
[EventRounds "9"]
[EventCountry "BRA"]

1. e4 c5 2. Nc3 g6 3. Bc4 Bg7 4. f4 d6 5. Nf3 e6 6. O-O Ne7 7. Qe1 Nbc6 8. d3
O-O 9. a3 Nd4 10. Nxd4 cxd4 11. Ne2 d5 12. exd5 Nxd5 13. Bxd5 Qxd5 14. Ng3 f5
15. Bd2 b6 16. Rf2 Bb7 17. Re2 Rac8 18. Rc1 Rc7 19. c4 dxc3 20. Bxc3 Rfc8 21.
Qd2 Bxc3 22. bxc3 Rxc3 23. Rxc3 Qd4+ 24. Qe3 Qxe3+ 25. Rxe3 Rxc3 26. Rxe6 Rxd3
27. Re7 Bc6 28. Rxa7 Rd1+ 29. Kf2 Rd2+ 30. Ne2 Bb5 31. Re7 Ra2 32. Re3 Kf7 33.
g3 Kf6 34. Ke1 Bxe2 35. Rxe2 Rxa3 36. Rb2 Ra6 37. Kd2 Ke6 38. Kd3 Kd5 39. Kc3
Kc5 40. Kb3 b5 41. Rc2+ Kb6 42. Re2 Ra7 43. Kb4 Ra4+ 44. Kb3 Re4 45. Rd2 Kc5
46. Rc2+ Kb6 47. Rd2 b4 48. Rd7 Kb5 49. Rxh7 Re3+ 50. Kb2 Kc4 51. Rc7+ Kb5 52.
Rg7 Re2+ 53. Kb3 Re3+ 54. Kb2 Kc4 55. Rc7+ Kb5 56. Rg7 Re6 57. Kb3 1/2-1/2

[Event "Aberto Brasil - II Niterói Chess Open "]
[Site "Salão de Convenções do Hot"]
[Date "2022.09.04"]
[Round "6.53"]
[White "Pereira, Arthur Macedo"]
[Black "Bail, Ellen Larissa"]
[Result "1/2-1/2"]
[WhiteElo "1703"]
[BlackElo "1899"]
[PlyCount "69"]
[EventDate "2022.09.01"]
[EventRounds "9"]
[EventCountry "BRA"]

1. c4 e6 2. Nf3 d5 3. d4 Nf6 4. g3 c6 5. Qc2 b6 6. Bg2 Be7 7. O-O O-O 8. Nbd2
Ba6 9. b3 Nbd7 10. Rd1 Rc8 11. e4 dxe4 12. Nxe4 Nxe4 13. Qxe4 Nf6 14. Qc2 Qe8
15. Bb2 c5 16. Qd2 Bb7 17. Rac1 cxd4 18. Nxd4 Bxg2 19. Kxg2 Rc7 20. Qe2 Qa8+
21. Qf3 Rd7 22. Nc6 Bd6 23. Bxf6 gxf6 24. Rd4 Rc8 25. Rxd6 Rxd6 26. Ne7+ Kg7
27. Nxc8 Qxc8 28. Re1 Qd8 29. Re4 Rd2 30. Rg4+ Kf8 31. Qf4 Qa8+ 32. Kh3 Qd8 33.
Qh6+ Ke7 34. Rf4 f5 35. Qxh7 {(=)} 1/2-1/2

[Event "Aberto Brasil - II Niterói Chess Open "]
[Site "Salão de Convenções do Hot"]
[Date "2022.09.04"]
[Round "6.54"]
[White "Montanu, Dan-Vladimir"]
[Black "Rabello, Gabriel Urubatan Fr"]
[Result "1/2-1/2"]
[WhiteElo "1894"]
[BlackElo "1700"]
[PlyCount "66"]
[EventDate "2022.09.01"]
[EventRounds "9"]
[EventCountry "BRA"]

1. d4 Nf6 2. c4 e6 3. Nc3 Bb4 4. f3 d5 5. Bg5 c6 6. e4 Qa5 7. e5 Bxc3+ 8. bxc3
Qxc3+ 9. Bd2 Qxd4 10. exf6 Qxf6 11. Nh3 Nd7 12. cxd5 exd5 13. Qe2+ Qe6 14. Nf4
Qxe2+ 15. Bxe2 Ne5 16. Bc3 f6 17. Bxe5 fxe5 18. Nd3 Kd8 19. Nxe5 Re8 20. f4 Kc7
21. Bd3 g6 22. Kd2 c5 23. g4 Be6 24. Rae1 c4 25. Bc2 d4 26. f5 gxf5 27. Bxf5
Bd5 28. Rhf1 Kd6 29. Nd7 Rh8 30. Nf6 Bf7 31. Nxh7 Bg8 32. Nf6 Rxh2+ 33. Re2 Rh3
{(=)} 1/2-1/2

[Event "Aberto Brasil - II Niterói Chess Open "]
[Site "Salão de Convenções do Hot"]
[Date "2022.09.04"]
[Round "6.55"]
[White "Campos, Otavio Moraes"]
[Black "Souza, Ramon Santana De"]
[Result "0-1"]
[WhiteElo "1636"]
[BlackElo "1876"]
[PlyCount "70"]
[EventDate "2022.09.01"]
[EventRounds "9"]
[EventCountry "BRA"]

1. d4 g6 2. c4 Bg7 3. Nc3 d6 4. e4 e5 5. d5 a5 6. Be3 Na6 7. Bd3 Bd7 8. Nge2 f5
9. exf5 gxf5 10. f3 Nf6 11. Bg5 Nc5 12. Bc2 O-O 13. Qd2 Qe8 14. Bh6 Bxh6 15.
Qxh6 e4 16. O-O-O Qg6 17. Qxg6+ hxg6 18. fxe4 Nfxe4 19. Nxe4 fxe4 20. Rhf1 Bg4
21. Rxf8+ Rxf8 22. Re1 Rf2 23. Kd2 Rxg2 24. h4 Kg7 25. Ke3 Rh2 26. Nd4 Rxh4 27.
Rg1 Rh3+ 28. Kf4 Bd7 29. Ne6+ Bxe6 30. dxe6 Rf3+ 31. Kg4 Nxe6 32. Re1 Rf2 33.
Bxe4 Nc5 34. Bd5 c6 35. Re7+ Kf8 0-1

[Event "Aberto Brasil - II Niterói Chess Open "]
[Site "Salão de Convenções do Hot"]
[Date "2022.09.04"]
[Round "6.56"]
[White "Dos Santos, Thiago Lopes Verbic"]
[Black "Pessoa, Vitor Henrique Leop"]
[Result "1-0"]
[WhiteElo "1865"]
[BlackElo "1250"]
[PlyCount "83"]
[EventDate "2022.09.01"]
[EventRounds "9"]
[EventCountry "BRA"]

1. d4 Nf6 2. c4 g6 3. Nc3 d5 4. cxd5 Nxd5 5. e4 Nxc3 6. bxc3 Bg7 7. Bc4 c5 8.
Ne2 Nc6 9. Be3 O-O 10. O-O Qa5 11. Qb3 Qc7 12. Qb2 Na5 13. Bd3 cxd4 14. cxd4
Nc4 15. Bxc4 Qxc4 16. Rfc1 Qd3 17. f3 Qxe3+ 18. Kh1 Rd8 19. Rc3 Qf2 20. Rd3 b6
21. Rad1 Ba6 22. R3d2 Bxe2 23. Rxe2 Bxd4 24. Qc2 Qh4 25. Qc6 Be5 26. Rxd8+ Rxd8
27. g3 Qh3 28. Rg2 Rd2 29. Qc8+ Kg7 30. Qxh3 Bd4 31. Rxd2 Bf6 32. Qd7 e5 33.
Qxa7 h5 34. Qxb6 g5 35. a4 h4 36. gxh4 gxh4 37. Kg2 Kg6 38. Kh3 Kh5 39. Rg2 Bg5
40. Qc7 f5 41. Qh7+ Bh6 42. Qg6# 1-0

[Event "Aberto Brasil - II Niterói Chess Open "]
[Site "Salão de Convenções do Hot"]
[Date "2022.09.04"]
[Round "6.57"]
[White "Karoly, Carlos Acacio Gomes"]
[Black "Silva, Ezequiel Demetras"]
[Result "1/2-1/2"]
[WhiteElo "1854"]
[BlackElo "1807"]
[PlyCount "82"]
[EventDate "2022.09.01"]
[EventRounds "9"]
[EventCountry "BRA"]

1. e4 c5 2. Nf3 Nc6 3. Bb5 g6 4. O-O Bg7 5. c3 Nf6 6. Re1 O-O 7. d4 cxd4 8.
cxd4 d5 9. e5 Ne4 10. h3 Qb6 11. Bxc6 bxc6 12. Nc3 Nxc3 13. bxc3 Rb8 14. Ba3
Qc7 15. Qa4 Bh6 16. Bc5 Be6 17. Qxa7 Rb7 18. Qa3 Rfb8 19. Bb4 Qd7 20. Kh2 Bf4+
21. g3 Bh6 22. Ng1 Rb5 23. Rad1 R8b7 24. Qb2 c5 25. dxc5 Rxc5 26. Rd4 Rc4 27.
Red1 Rxd4 28. Rxd4 Bg7 29. Qe2 f6 30. f4 fxe5 31. fxe5 Rc7 32. Nf3 Bh6 33. g4
Rc4 34. Qd3 Kf8 35. Rxc4 dxc4 36. Qxd7 Bxd7 37. Kg3 Be3 38. Nd4 Bxd4 39. cxd4
Bc6 40. g5 Ke8 41. Kf4 e6 1/2-1/2

[Event "Aberto Brasil - II Niterói Chess Open "]
[Site "Salão de Convenções do Hot"]
[Date "2022.09.04"]
[Round "6.58"]
[White "Rodrigues, Nei Jorge"]
[Black "Veiga da Silva, Paulo Roberto Costa"]
[Result "0-1"]
[WhiteElo "1872"]
[BlackElo "1800"]
[PlyCount "84"]
[EventDate "2022.09.01"]
[EventRounds "9"]
[EventCountry "BRA"]

1. d4 d5 2. c4 c6 3. Nf3 Nf6 4. Bf4 a6 5. cxd5 cxd5 6. e3 Nc6 7. Nc3 Bg4 8. h3
Bxf3 9. Qxf3 e6 10. Bd3 Bd6 11. Bg5 Be7 12. O-O O-O 13. Rac1 Rc8 14. Rfd1 b5
15. Qe2 h6 16. Bh4 Ne8 17. Bg3 Bd6 18. f4 f5 19. Be1 Be7 20. Nb1 Nd6 21. a4 Qb6
22. axb5 Nxb5 23. Nc3 Nbxd4 24. exd4 Nxd4 25. Qf1 Ne2+ 26. Kh1 Nxc1 27. Rxc1 d4
28. Na4 Qb3 29. Ra1 Rc6 30. Qe2 Rfc8 31. Bd2 Bb4 32. Kh2 Bxd2 33. Qxd2 a5 34.
Ra3 Qb4 35. Qe2 Qd6 36. g3 Rc1 37. Qg2 Re1 38. Rb3 Rcc1 39. Rb6 Qc7 40. b3 Rh1+
41. Qxh1 Rxh1+ 42. Kxh1 Qc1+ 0-1